仙台近郊区間に含まれる路線 - Statistics

General Stats
  • This quiz has been taken 179 times
  • The average score is 8 of 10
Answer Stats
Hint Answer % Correct
(一部) 東北本線
99%
仙石線
98%
仙山線
97%
(一部) 常磐線
95%
石巻線
82%
陸羽東線
77%
(一部) 奥羽本線
76%
(一部) 磐越東線
61%
(一部) 磐越西線
60%
左沢線
58%
No matching quizzes found
Score Distribution
Percent of People with Each Score
Percentile by Number Answered
Your Score History
You have not taken this quiz